The knitting circle / (Record no. 232633)

000 -LEADER
fixed length control field 01080cam a2200289 a 4500
001 - CONTROL NUMBER
control field 14576513
003 - CONTROL NUMBER IDENTIFIER
control field Nust
005 - DATE AND TIME OF LATEST TRANSACTION
control field 20170221162547.0
008 - FIXED-LENGTH DATA ELEMENTS--GENERAL INFORMATION
fixed length control field 060929s2007 nyu 000 1 eng
010 ## - LIBRARY OF CONGRESS CONTROL NUMBER
LC control number 2006032223
015 ## - NATIONAL BIBLIOGRAPHY NUMBER
National bibliography number GBA6A5868
Source bnb
016 7# - NATIONAL BIBLIOGRAPHIC AGENCY CONTROL NUMBER
Record control number 013629209
Source Uk
020 ## - INTERNATIONAL STANDARD BOOK NUMBER
International Standard Book Number 978-0007276608
020 ## - INTERNATIONAL STANDARD BOOK NUMBER
International Standard Book Number 0007276605
035 ## - SYSTEM CONTROL NUMBER
System control number (OCoLC)ocm71842660
040 ## - CATALOGING SOURCE
Original cataloging agency DLC
Transcribing agency DLC
Modifying agency BAKER
-- UKM
-- C#P
-- YDXCP
-- YDX
-- BTCTA
-- VP@
-- DLC
050 00 - LIBRARY OF CONGRESS CALL NUMBER
Classification number PS3558.O537
Item number K55 2007
082 00 - DEWEY DECIMAL CLASSIFICATION NUMBER
Classification number 813.54
Author Mark HOO
100 1# - MAIN ENTRY--PERSONAL NAME
Personal name Hood, Ann,
Dates associated with a name 1956-
245 14 - TITLE STATEMENT
Title The knitting circle /
Statement of responsibility, etc. Ann Hood.
250 ## - EDITION STATEMENT
Edition statement 1st ed.
260 ## - PUBLICATION, DISTRIBUTION, ETC.
Place of publication, distribution, etc. New York :
Name of publisher, distributor, etc. W.W. Norton,
Date of publication, distribution, etc. 2008.
300 ## - PHYSICAL DESCRIPTION
Extent 426 p. ;
Dimensions 22 cm.
650 #0 - SUBJECT ADDED ENTRY--TOPICAL TERM
Topical term or geographic name entry element Female friendship
Form subdivision Fiction.
650 #0 - SUBJECT ADDED ENTRY--TOPICAL TERM
Topical term or geographic name entry element Knitting
General subdivision Therapeutic use
Form subdivision Fiction.
906 ## - LOCAL DATA ELEMENT F, LDF (RLIN)
a 7
b cbc
c orignew
d 1
e ecip
f 20
g y-gencatlg
942 ## - ADDED ENTRY ELEMENTS (KOHA)
Source of classification or shelving scheme
Koha item type Book
Holdings
Withdrawn status Lost status Source of classification or shelving scheme Damaged status Not for loan Collection code Permanent Location Current Location Shelving location Date acquired Total Checkouts Total Renewals Full call number Barcode Date last seen Date last checked out Copy number Price effective from Koha item type
            Central Library (CL) Central Library (CL) Fiction 02/21/2017 3 6 813.54 HOO CL374 02/20/2026 01/14/2023 1 02/21/2017 Book
© 2023 Central Library, National University of Sciences and Technology. All Rights Reserved.